Normal view
MARC view
- jinu (guide)
Entry Personal Name
001 - CONTROL NUMBER
- control field: 5123
003 - CONTROL NUMBER IDENTIFIER
- control field: OSt
005 - DATE AND TIME OF LATEST TRANSACTION
- control field: 20211130151151.0
008 - FIXED-LENGTH DATA ELEMENTS
- fixed length control field: 211130|| aca||aabn | a|a d
040 ## - CATALOGING SOURCE
- Original cataloging agency: OSt
- Transcribing agency: OSt
100 ## - HEADING--PERSONAL NAME
- Personal name: jinu (guide)
670 ## - SOURCE DATA FOUND
- Source citation: Work cat.: (OSt): Adarsha Gopalakrisha Bhat 5122, Development and Evaluation of small scall Hydroponic Green Fodder production system, 2021
